000 00977cam a2200289 a 4500
001 000005271
005 20200929151628.0
008 951204s2000 sp a b 001 1 spa
010 _a95229942
020 _a8437613663
040 _aDO-SdBNP
_bspa
_cBNPHU
082 _a863.5
_bC355c, 2000
100 1 _aCastro, Rosalía de,
_d1837-1885
_915026
245 1 3 _aEl caballero de las botas azules /
_cRosalía de Castro ; edición de Ana Rodríguez-Fischer.
250 _a2a ed.
260 _aMadrid :
_bCatedra,
_c2000.
300 _a344 p. :
_bil. ;
_c18 cm.
490 1 _aLetras hispánicas
_v399
504 _aIncluye referencias bibliográficas (p. 81-84).
650 4 _aNovela española
_91123
650 4 _aLiteratura española
_9632
600 1 4 _aCASTRO, ROSALÍA DE,
_d1837-1885
_xCRÍTICA E INTERPRETACIÓN
_915027
700 1 _aRodríguez-Fischer, Ana,
_eed.
_915028
830 0 _aLetras hispánicas ;
_v399
_94208
910 _aCatalogación derivada
910 _aWM
999 _c5072
_d5072